000 00732nac a22002171u 4500
010 _a 2002109109
020 _a003034297X (hbk. : alk. paper)
082 0 0 _a332.1068
_bKOC
090 _c5236
_d5236
100 _aKoch, Timothy W.
245 1 0 _aBank management /
_cTimothy W. Koch, S. Scott MacDonald.
250 _a5th ed.
260 _aMason, Ohio :
_bSouth-Western,2003
_cc2003.
300 _axxiv, 888 p. :
_bill. ;
_c27 cm.
500 _adistributer: Al-Ahram
504 _aIncludes bibliographical references (p. 851-864) and indexes.
511 _acatalogued by: wessam
650 0 _aBank management.
700 1 _aMacDonald, Steven Scott,
_d1957-
942 _cBB
_k332.1068KOC
999 _c5236
_d5236